Espèces de Rapaces - Statistiques

Statistiques générales
  • Ce quiz a été pris 192 fois
  • Le résultat moyen est 8 sur 16
Statistiques - réponses
Par images Réponse % Correct
Faucon pèlerin
86%
Chouette effraie
83%
Hibou Grand duc
78%
Pygargue a tete blanche
74%
Condor
70%
Vautour fauve
68%
Gypaete barbu
64%
Harfang des neiges
62%
Faucon crecerelle
51%
Serpentaire
43%
Milan noir
42%
Chouette Lapone
32%
Buse de Harris
22%
Cara cara
20%
Pygargue de Steller
17%
Aigle bleu
13%
Aucun quiz correspondant
Distribution des résultats
% des personnes avec chaque résultat
Percentile par nombre de réponses
Votre historique - résultats
Vous n’avez pas pris ce quiz